000 01279cam a2200385 i 4500
001 19923961
003 OSt
005 20250610104148.0
008 170818s2019 mau 001 0 eng
010 _a 2017035661
020 _a9780134731889
020 _a9789353065966
020 _a9789361592898
020 _a0134731883
040 _aDLC
_beng
_erda
_cDLC
_dDLC
042 _apcc
050 0 0 _aHF5415.13
_b.C533 2019
082 0 0 _a658.7
_bCHO/S
100 _aChopra, Sunil
_d1960-
_eauthor.
_91310
245 1 0 _aSupply chain management :
_bstrategy, planning and operation /
_cSunil Chopra, Kellogg School of Management.
250 _aSeventh edition.
264 1 _aNew York, NY :
_bPearson Education,
_c[2019]
300 _axiii, 514 pages ;
_a574 pages
_a562 pages
336 _atext
_btxt
_2rdacontent
337 _aunmediated
_bn
_2rdamedia
338 _avolume
_bnc
_2rdacarrier
500 _aIncludes index.
650 0 _aMarketing channels
_xManagement.
650 0 _aDelivery of goods
_xManagement.
650 0 _aPhysical distribution of goods
_xManagement.
650 0 _aCustomer services
_xManagement.
650 0 _aIndustrial procurement.
650 0 _aMaterials management.
942 _2ddc
_cBK
_h658.7
_iCHO/S
_k658.7
_mCHO/S
999 _c44497
_d44497